000 00371nam a2200169Ia 4500
001 11819
003 IN-NITTTR
005 20251114233110.0
008 251113s9999||||xx |||||||||||||| ||eng||
040 _beng
040 _cIN-NITTTR
041 _aeng
082 _a823 S35S
100 _aSillitoe, Alan
245 0 _aStoryteller. /
_cSillitoe, Alan
942 _2ddc
_cBK
999 _c14455
_d14455